[Event "40th Olympiad Open"]
[Site "Istanbul TUR"]
[Date "2012.09.07"]
[Round "10.55"]
[Board "1"]
[White "Hamal, Manish"]
[Black "Beinoras, Mindaugas"]
[Result "0-1"]
[WhiteTitle "FM"]
[BlackTitle "IM"]
[WhiteElo "2118"]
[BlackElo "2346"]
[WhiteTeam "Nepal"]
[BlackTeam "Lithuania"]
[WhiteFideId "12300110"]
[BlackFideId "12802085"]
[EventDate "2012.08.28"]

1. e4 e5 2. Nf3 Nc6 3. d4 exd4 4. Nxd4 Bb4+ 5. c3 Bc5 6. Bc4 Qf6 7. Be3 Nge7 8.
O-O O-O 9. Re1 a6 10. Nf5 Nxf5 11. Bxc5 d6 12. Be3 Nxe3 13. Rxe3 Ne5 14. Be2 Be6
15. Nd2 Rae8 16. Nf1 Qf4 17. Ng3 f5 18. exf5 Bxf5 19. Nh5 Qh4 20. g3 Qe7 21.
Qd5+ Qf7 22. Qxf7+ Nxf7 23. Rxe8 Rxe8 24. Bc4 c6 25. h4 d5 26. Bf1 Ne5 27. Nf4
h6 28. Bg2 Kf7 29. Ne2 Bg4 30. Nd4 Kf6 31. b4 Nc4 32. Rc1 Bd7 33. Bf1 Nd6 34. f3
Ra8 35. Nb3 b6 36. c4 dxc4 37. Bxc4 Nxc4 38. Rxc4 Rc8 39. Rf4+ Ke7 40. Re4+ Kf6
41. Rf4+ Ke7 42. Re4+ Kd6 43. Rd4+ Kc7 44. Re4 Re8 45. Rxe8 Bxe8 46. Nd4 Bd7 47.
Kf2 Kd6 48. Ke3 c5 49. bxc5+ Kxc5 50. Kd3 Kb4 51. Nc2+ Ka4 52. g4 Be6 53. a3 Bd5
54. f4 Kb3 55. f5 Bc4+ 56. Kd2 Bf7 57. g5 hxg5 58. hxg5 a5 59. g6 Bd5 60. Kd3
Bc4+ 61. Kd2 a4 62. Nd4+ Kxa3 63. Ne6 Kb2 64. Nxg7 a3 65. f6 a2 66. f7 a1=Q 67.
f8=Q Qc1# 0-1

[Event "40th Olympiad Open"]
[Site "Istanbul TUR"]
[Date "2012.09.07"]
[Round "10.55"]
[Board "3"]
[White "Shrestha, Keshav"]
[Black "Vedrickas, Tautvydas"]
[Result "1-0"]
[WhiteTitle "CM"]
[BlackTitle "FM"]
[WhiteElo "2127"]
[BlackElo "2344"]
[WhiteTeam "Nepal"]
[BlackTeam "Lithuania"]
[WhiteFideId "12300055"]
[BlackFideId "12802654"]
[EventDate "2012.08.28"]

1. e4 c5 2. Nc3 d6 3. g3 Nc6 4. Bg2 g6 5. d3 Bg7 6. Nge2 e6 7. O-O Nge7 8. Be3
Nd4 9. f4 Qa5 10. Bxd4 cxd4 11. Nb1 d5 12. Nd2 Bd7 13. Kh1 Bc6 14. Nb3 Qb6 15.
e5 Nf5 16. Qd2 f6 17. exf6 Bxf6 18. Bh3 O-O 19. Rfe1 Ba4 20. Bxf5 exf5 21. Ng1
Rfe8 22. Rxe8+ Rxe8 23. Nf3 Re3 24. Kg2 h6 25. h4 Be8 26. Re1 Bf7 27. Kf2 Qa6
28. Qa5 Qd6 29. Qc5 Qa6 30. a3 Rxe1 31. Nxe1 g5 32. hxg5 hxg5 33. fxg5 Bxg5 34.
Qc8+ Kg7 35. Qxf5 Be3+ 36. Kg2 Qf6 37. Qxf6+ Kxf6 38. Nf3 Bh5 39. a4 b6 40. a5
b5 41. Nfxd4 a6 42. Nf3 Bg4 43. d4 Bf5 44. c3 Be4 45. g4 Bf4 46. Kf2 Bc2 47. Nc5
Bc1 48. Nxa6 1-0

[Event "40th Olympiad Open"]
[Site "Istanbul TUR"]
[Date "2012.09.07"]
[Round "10.56"]
[Board "1"]
[White "Mohamed, Hassan MDV"]
[Black "Eid, Fadi"]
[Result "0-1"]
[BlackTitle "IM"]
[WhiteElo "1790"]
[BlackElo "2377"]
[WhiteTeam "Maldives"]
[BlackTeam "Lebanon"]
[WhiteFideId "16700058"]
[BlackFideId "5300118"]
[EventDate "2012.08.28"]

1. e4 d5 2. exd5 Nf6 3. Nf3 Qxd5 4. Nc3 Qd6 5. Nb5 Qd8 6. d4 a6 7. Nc3 Nc6 8.
Be3 Bg4 9. Be2 e6 10. a3 Be7 11. O-O Qd6 12. b4 O-O 13. b5 axb5 14. Nxb5 Qd8 15.
c4 Na5 16. c5 Nd5 17. Qc2 c6 18. Nc3 Bxf3 19. Bxf3 Re8 20. Rfd1 Nc4 21. Qc1 f5
22. Bxd5 exd5 23. Re1 Bf6 24. g3 f4 25. gxf4 Qd7 26. Ne2 Qh3 27. Ng3 h5 28. Qc2
Kf7 29. Qf5 Qxf5 30. Nxf5 g6 31. Nd6+ Nxd6 32. cxd6 Red8 33. Rab1 b5 34. Rb3
Rxd6 35. Rc1 Ra4 36. Rd3 Ke6 37. Kg2 Rc4 38. Rb1 Rd8 39. Kf3 Ra8 40. Rbb3 Raa4
41. Rbc3 Kd7 42. Rb3 Bxd4 43. h3 Bf6 44. Rb1 Ke6 45. Re1 Kf7 46. Bd2 Be7 47. Bc1
Bd6 48. f5 gxf5 49. Rg1 Be7 50. Bh6 Bf6 51. Bd2 Rd4 52. Rxd4 Rxd4 53. Bb4 Rc4
54. Re1 c5 55. Ba5 Bc3 56. Bxc3 Rxc3+ 57. Kf4 Kf6 58. Rb1 b4 59. axb4 Rc4+ 60.
Ke3 f4+ 61. Kd2 Rxb4 62. Ra1 Rb2+ 63. Ke1 Ke5 64. Ra8 c4 65. Rh8 c3 66. Rxh5+
Ke4 67. f3+ Kxf3 68. Kd1 d4 69. Rc5 Ke3 0-1

[Event "40th Olympiad Open"]
[Site "Istanbul TUR"]
[Date "2012.09.07"]
[Round "10.56"]
[Board "3"]
[White "Abdul Rahman Ali"]
[Black "Kassis, Antoine LIB"]
[Result "1-0"]
[BlackTitle "CM"]
[WhiteElo "1912"]
[BlackElo "2209"]
[WhiteTeam "Maldives"]
[BlackTeam "Lebanon"]
[WhiteFideId "16700066"]
[BlackFideId "5300150"]
[EventDate "2012.08.28"]

1. d4 Nf6 2. e3 g6 3. f4 Bg7 4. Bd3 b6 5. Nf3 c5 6. c3 Bb7 7. O-O O-O 8. f5 d6
9. fxg6 hxg6 10. Qe2 Nc6 11. Nbd2 e5 12. Ne4 Nxe4 13. Bxe4 d5 14. Bc2 exd4 15.
exd4 cxd4 16. Bg5 Qd7 17. Bd2 dxc3 18. bxc3 d4 19. Rad1 Qc7 20. Qf2 Ne5 21. Nxd4
Ba6 22. Rfe1 Bd3 23. Bb3 Bc4 24. Bf4 Rfe8 25. Qg3 Qc5 26. Kh1 Nd7 27. Rxe8+ Rxe8
28. Bd6 Qc8 29. Ba4 a6 30. Nc6 b5 31. Bxb5 Bxb5 32. Ne7+ Rxe7 33. Bxe7 Qxc3 34.
Qxc3 Bxc3 35. Rc1 Bd4 36. a4 Be2 37. Rc2 Bg4 38. Rc4 Bf6 39. Bxf6 Nxf6 40. Rc6
Nd5 41. Rxa6 Kg7 42. Rd6 Nc7 43. a5 Be2 44. Rc6 Na6 45. Kg1 f5 46. Kf2 Bb5 47.
Rb6 Bc4 48. g3 Kh6 49. Ke3 Kh5 50. Kd4 Be2 51. Ke5 Bd3 52. Rd6 Nb4 53. Kf6 Be4
54. h3 Nd5+ 55. Ke6 Ne3 56. a6 Nf1 57. g4+ fxg4 58. hxg4+ Kg5 59. a7 Ba8 60. Kf7
Kxg4 61. Rxg6+ Kh5 62. Kf6 Ne3 63. Rg8 Bf3 64. Rg3 Ng4+ 65. Kf5 Nh6+ 66. Kf4 Ba8
67. Rg5+ Kh4 68. Rg7 Kh5 69. Ke5 Ng4+ 70. Kd6 Nf6 71. Re7 Kg6 72. Re1 Ne4+ 73.
Kc7 Nc5 74. Kb8 Bf3 75. Rg1+ Kh7 76. Kc7 Ne6+ 77. Kb6 Nd8 78. Rd1 Ne6 79. Rd6
Nf8 80. Rd3 Bg2 81. Rd8 Kg7 82. Rd6 Ba8 83. Rd8 Be4 84. Rb8 Nd7+ 85. Kc7 Nc5 86.
Rb6 Ba8 87. Kc8 Ne4 88. Kb8 Bd5 89. Rb7+ Bxb7 90. Kxb7 Nd6+ 91. Kc7 1-0

[Event "40th Olympiad Open"]
[Site "Istanbul TUR"]
[Date "2012.09.07"]
[Round "10.56"]
[Board "4"]
[White "Sakr, Nassim"]
[Black "Ahmed, Ashraf"]
[Result "1-0"]
[WhiteTitle "CM"]
[WhiteElo "2171"]
[BlackElo "1784"]
[WhiteTeam "Lebanon"]
[BlackTeam "Maldives"]
[WhiteFideId "5300185"]
[BlackFideId "16700031"]
[EventDate "2012.08.28"]

1. e4 e5 2. Bc4 Nf6 3. d3 h6 4. Nf3 Nc6 5. a3 Bc5 6. Be3 Be7 7. O-O d6 8. h3 a6
9. c3 Bd7 10. Nbd2 Qc8 11. d4 g5 12. d5 Na5 13. Be2 b6 14. b4 Nb7 15. Nh2 a5 16.
Ng4 Nxg4 17. Bxg4 Bxg4 18. Qxg4 Qxg4 19. hxg4 axb4 20. axb4 O-O 21. f3 b5 22.
Ba7 Rfc8 23. Ra6 c6 24. Rxc6 Bd8 25. Rxc8 Rxc8 26. Rc1 Ra8 27. Be3 Kf8 28. Kf2
Ra2 29. Ke2 Ke8 30. Rh1 Rc2 31. Kd3 Ra2 32. Rxh6 Kf8 33. Rh5 1-0

[Event "40th Olympiad Open"]
[Site "Istanbul TUR"]
[Date "2012.09.07"]
[Round "10.57"]
[Board "1"]
[White "Ferster, Fabian"]
[Black "Elliott, Warren"]
[Result "0-1"]
[BlackTitle "FM"]
[WhiteElo "2144"]
[BlackElo "2250"]
[WhiteTeam "Liechtenstein"]
[BlackTeam "Jamaica"]
[WhiteFideId "4695330"]
[BlackFideId "7400179"]
[EventDate "2012.08.28"]

1. d4 d5 2. c4 e6 3. Nc3 c6 4. e4 Bb4 5. Bd2 dxc4 6. Nf3 b5 7. a4 a5 8. axb5
Bxc3 9. Bxc3 cxb5 10. b3 Bb7 11. d5 Nf6 12. Bxf6 Qxf6 13. bxc4 b4 14. Qa4+ Nd7
15. e5 Qg6 16. Be2 exd5 17. cxd5 Bxd5 18. O-O Bc6 19. Bb5 Bxf3 20. Bxd7+ Ke7 21.
g3 Rhd8 22. e6 fxe6 23. Bxe6 Kxe6 0-1

[Event "40th Olympiad Open"]
[Site "Istanbul TUR"]
[Date "2012.09.07"]
[Round "10.57"]
[Board "4"]
[White "Mellace, Andrew"]
[Black "Muendle, Kurt"]
[Result "1-0"]
[WhiteElo "2081"]
[BlackElo "1893"]
[WhiteTeam "Jamaica"]
[BlackTeam "Liechtenstein"]
[WhiteFideId "7400055"]
[BlackFideId "12000159"]
[EventDate "2012.08.28"]

1. e4 e6 2. d4 d5 3. Nd2 c5 4. Ngf3 cxd4 5. Nxd4 Nf6 6. e5 Nfd7 7. N2f3 Nc6 8.
Bf4 Qb6 9. Nb3 Qb4+ 10. Bd2 Qe4+ 11. Be2 Ndxe5 12. O-O Be7 13. Nxe5 Qxe5 14. Bc3
Qg5 15. f4 Qh6 16. Rf3 O-O 17. Rg3 g6 18. Qd2 f6 19. Rf1 Rf7 20. h4 f5 21. h5
Bf6 22. hxg6 hxg6 23. Bxf6 Rxf6 24. Rh3 Qf8 25. Kf2 Qd6 26. Rfh1 Kf8 27. Qe3 Ke8
28. Rh7 Ne7 29. Rg7 Rf8 30. Rhh7 Nc6 31. Bb5 a6 32. Bxc6+ bxc6 33. Qb6 Qxf4+ 34.
Kg1 Qd6 35. Re7+ Qxe7 36. Qxc6+ 1-0

[Event "40th Olympiad Open"]
[Site "Istanbul TUR"]
[Date "2012.09.07"]
[Round "10.58"]
[Board "1"]
[White "Simoes, Joao ANG"]
[Black "Meza Martinez, Alcides Ivan"]
[Result "1-0"]
[WhiteElo "2275"]
[BlackElo "2187"]
[WhiteTeam "Angola"]
[BlackTeam "Honduras"]
[WhiteFideId "10100520"]
[BlackFideId "8400610"]
[EventDate "2012.08.28"]

1. d4 e6 2. c4 f5 3. g3 Nf6 4. Bg2 d5 5. Nf3 c6 6. O-O Bd6 7. b3 Qe7 8. Bb2 O-O
9. e3 b6 10. Qc2 Ne4 11. Ne5 Bb7 12. f3 Ng5 13. Nd2 c5 14. Rae1 Nd7 15. Nd3 Rac8
16. Qb1 Ba6 17. Rc1 Nf7 18. f4 Bb7 19. Ne5 Nf6 20. Ndf3 Ne4 21. Rfd1 Bxe5 22.
Nxe5 Nxe5 23. dxe5 g5 24. cxd5 Bxd5 25. Qd3 Rcd8 26. Qe2 g4 27. Bc3 h5 28. Be1
Rf7 29. Qb5 Rdf8 30. b4 c4 31. Rxd5 exd5 32. Qxd5 Qd7 33. Qxc4 b5 34. Qb3 Re8
35. Rd1 Qe6 36. Rd5 a6 37. Qd3 Kg7 38. Bxe4 fxe4 39. Qxe4 Qf5 40. Qxf5 Rxf5 41.
Bc3 Rc8 42. Rc5 Rxc5 43. bxc5 Kf8 44. e4 Rf7 45. e6 Rc7 46. Be5 Rc6 47. Bd6+ Ke8
48. f5 b4 49. f6 Rxd6 50. cxd6 a5 51. f7+ Kf8 52. d7 1-0

[Event "40th Olympiad Open"]
[Site "Istanbul TUR"]
[Date "2012.09.07"]
[Round "10.58"]
[Board "2"]
[White "Huguet, Sergio"]
[Black "Oliveira, Luciano"]
[Result "1/2-1/2"]
[WhiteTitle "FM"]
[WhiteElo "2094"]
[BlackElo "2208"]
[WhiteTeam "Honduras"]
[BlackTeam "Angola"]
[WhiteFideId "2212552"]
[BlackFideId "10100431"]
[EventDate "2012.08.28"]

1. e4 c5 2. c3 e6 3. d4 d5 4. exd5 exd5 5. Be3 cxd4 6. Bxd4 Nf6 7. Bxf6 gxf6 8.
Bb5+ Nc6 9. Ne2 Qd6 10. Nd2 Bh6 11. Ne4 Qe5 12. Qxd5 O-O 13. Qxe5 fxe5 14. O-O
Rd8 15. Rfd1 Bf5 16. N2g3 Bg6 17. h4 Bf8 18. h5 Bxe4 19. Nxe4 Kg7 20. g4 h6 21.
Kf1 Rxd1+ 22. Rxd1 Rd8 23. Rxd8 Nxd8 24. Bd7 b6 25. Ke2 Nb7 26. Ng3 Kf6 27. b4
a5 28. a3 axb4 29. axb4 Nd6 30. Kd3 Kg5 31. Ne4+ Kf4 32. Nf6 Kf3 33. Bc6+ Kxf2
34. Nd7 Bg7 35. Nxb6 Kg3 36. Bd7 e4+ 37. Ke3 Bxc3 38. b5 Be1 39. Nd5 Bf2+ 40.
Ke2 Nc4 41. Nf6 e3 42. Nd5 Ne5 43. Nxe3 Nxd7 44. g5 Kf4 45. Kxf2 Kxg5 46. Nd5
Kxh5 47. Kg3 Kg5 48. b6 Nc5 49. Nf4 Kf5 50. Nd3 Nb7 51. Kh4 Ke4 52. Nf2+ Kf3 53.
Ng4 f5 54. Nxh6 f4 55. Ng4 Ke2 56. Ne5 1/2-1/2

[Event "40th Olympiad Open"]
[Site "Istanbul TUR"]
[Date "2012.09.07"]
[Round "10.59"]
[Board "1"]
[White "Heiba, Mohamed"]
[Black "Del Castilho, Martyn"]
[Result "0-1"]
[BlackTitle "FM"]
[WhiteElo "1903"]
[BlackElo "2260"]
[WhiteTeam "Mauritania"]
[BlackTeam "Barbados"]
[WhiteFideId "19600089"]
[BlackFideId "11100400"]
[EventDate "2012.08.28"]

1. d4 Nf6 2. c4 g6 3. g3 Bg7 4. Bg2 d5 5. Nf3 O-O 6. O-O dxc4 7. Na3 c3 8. bxc3
c5 9. Nc4 Nc6 10. Nfe5 cxd4 11. Nxc6 bxc6 12. cxd4 Nd5 13. Ba3 Nc3 14. Qc2 Qxd4
15. Ne3 Ba6 16. Bxe7 Rfe8 17. Ba3 Bxe2 18. Rfe1 Bd3 19. Qd2 Ne4 20. Bxe4 Qxe4
21. Bb2 Bxb2 22. Qxb2 Qf3 23. h4 Be4 24. Kh2 Rab8 25. Qe2 Qxe2 26. Rxe2 Bf3 27.
Rc2 h5 28. Rac1 Red8 29. Kg1 Rd4 30. Rc4 Rb4 31. Rxd4 Rxd4 32. Rc4 Rxc4 33. Nxc4
Bd5 34. Na5 c5 35. a3 Kf8 36. Kf1 Ke7 37. Ke2 Kd6 38. Kd3 Kc7 39. f4 Kb6 40.
Nc4+ Bxc4+ 41. Kxc4 Kc6 0-1

[Event "40th Olympiad Open"]
[Site "Istanbul TUR"]
[Date "2012.09.07"]
[Round "10.59"]
[Board "2"]
[White "Denny, Kevin"]
[Black "Sidi Mbareck Mohamed"]
[Result "1-0"]
[WhiteTitle "IM"]
[WhiteElo "2304"]
[BlackElo "1947"]
[WhiteTeam "Barbados"]
[BlackTeam "Mauritania"]
[WhiteFideId "11100028"]
[BlackFideId "19600186"]
[EventDate "2012.08.28"]

1. e4 e5 2. Nf3 Nc6 3. Nc3 Nf6 4. Bb5 Nd4 5. O-O Bc5 6. Nxe5 O-O 7. Bc4 c6 8.
Nxf7 Rxf7 9. Bxf7+ Kxf7 10. e5 Ne8 11. Ne4 Be7 12. c3 Ne6 13. d4 d5 14. Ng3 g6
15. f4 N6g7 16. f5 Nxf5 17. Nxf5 gxf5 18. g4 Ng7 19. Bh6 Bg5 20. Bxg7 Be3+ 21.
Kh1 Kxg7 22. gxf5 Qh4 23. Qf3 Bg5 24. Rg1 Kf7 25. Rg4 Qh5 26. Rf1 b6 27. h4 h6
28. e6+ Ke8 29. Kg2 Ba6 30. Rh1 Bd3 31. hxg5 1-0

[Event "40th Olympiad Open"]
[Site "Istanbul TUR"]
[Date "2012.09.07"]
[Round "10.59"]
[Board "3"]
[White "Boydia, Sidi"]
[Black "Farley, Terry"]
[Result "0-1"]
[BlackTitle "IM"]
[WhiteElo "2024"]
[BlackElo "2255"]
[WhiteTeam "Mauritania"]
[BlackTeam "Barbados"]
[WhiteFideId "19600100"]
[BlackFideId "11100095"]
[EventDate "2012.08.28"]

1. e4 c5 2. Nf3 d6 3. g3 g6 4. Bg2 Bg7 5. O-O Nc6 6. d3 e5 7. c3 Nge7 8. Be3 O-O
9. Qd2 f5 10. Bh6 Be6 11. Na3 Qd7 12. Bxg7 Kxg7 13. Ng5 Bg8 14. f4 h6 15. Nh3 d5
16. exf5 Nxf5 17. fxe5 Nxe5 18. Rae1 Rae8 19. Nf4 d4 20. Nc2 g5 21. Nh3 Kh8 22.
c4 Ng4 23. Rxe8 Rxe8 24. Nxg5 Nfe3 25. Ne4 Nxf1 26. Bxf1 Bh7 27. Bg2 Bxe4 28.
Bxe4 Rf8 29. h3 Qf7 30. Qf4 Qxf4 31. gxf4 Ne3 32. Nxe3 dxe3 33. f5 Kg7 34. Kf1
Kf6 35. Ke2 Ke5 36. Kxe3 h5 37. b4 b6 38. b5 h4 39. a4 Rg8 40. f6 Rg3+ 41. Bf3
Kxf6 42. Ke4 Rxh3 43. d4 cxd4 44. c5 bxc5 45. a5 Rh2 46. Kd5 Rb2 47. Kxc5 Ke5
48. b6 axb6+ 49. axb6 d3 50. b7 d2 0-1

[Event "40th Olympiad Open"]
[Site "Istanbul TUR"]
[Date "2012.09.07"]
[Round "10.60"]
[Board "2"]
[White "Mensing, Fabio"]
[Black "Garcia, Raul"]
[Result "1/2-1/2"]
[BlackTitle "FM"]
[WhiteElo "2088"]
[BlackElo "2193"]
[WhiteTeam "Netherlands Antilles"]
[BlackTeam "Andorra"]
[WhiteFideId "7500149"]
[BlackFideId "6900020"]
[EventDate "2012.08.28"]

1. e4 d5 2. Nc3 dxe4 3. Nxe4 Bf5 4. Ng3 Bg6 5. d4 e6 6. h4 h6 7. Bd3 Bxd3 8.
Qxd3 c6 9. Nf3 Nd7 10. Bd2 Ngf6 11. c4 Qc7 12. O-O-O O-O-O 13. Qc2 c5 14. Ne2
Bd6 15. g3 Qc6 16. Nh2 Kb8 17. Kb1 Rc8 18. Rc1 Rhd8 19. Be3 a6 20. Rhd1 Ka8 21.
dxc5 Bxc5 22. Bd4 Bxd4 23. Nxd4 Qe4 24. b3 Nc5 25. f3 Qxc2+ 26. Kxc2 Kb8 27. Nf1
Kc7 28. Ne2 Ncd7 29. Nc3 Ne5 30. Nh2 Nc6 31. a3 Nd4+ 32. Kb2 Nh5 33. g4 Nf4 34.
Rd2 Nc6 35. Rcd1 Rxd2+ 36. Rxd2 Rd8 37. Rxd8 Kxd8 38. Ne4 Kc7 39. h5 Ne5 40. Kc2
Nc6 41. Kc3 Ne5 42. Kd4 Nc6+ 43. Ke3 Ng2+ 44. Kf2 Nf4 45. Ke3 Ng2+ 46. Kf2 1/2-1/2

[Event "40th Olympiad Open"]
[Site "Istanbul TUR"]
[Date "2012.09.07"]
[Round "10.60"]
[Board "3"]
[White "Jose Queralto, Daniel"]
[Black "Izijk, Jimmy"]
[Result "1-0"]
[WhiteElo "2133"]
[BlackElo "2066"]
[WhiteTeam "Andorra"]
[BlackTeam "Netherlands Antilles"]
[WhiteFideId "6900089"]
[BlackFideId "7500041"]
[EventDate "2012.08.28"]

1. e4 c5 2. Nf3 Nc6 3. d4 cxd4 4. Nxd4 Nf6 5. Nc3 d6 6. Bg5 e6 7. Qd2 a6 8.
O-O-O Qc7 9. f3 Be7 10. Kb1 Bd7 11. h4 h6 12. Be3 Ne5 13. Bd3 Nc4 14. Bxc4 Qxc4
15. g4 O-O-O 16. Nb3 Qc7 17. Qf2 Rdf8 18. Bb6 Qb8 19. Qd4 Bc6 20. Na5 Bd8 21.
Nc4 Bxb6 22. Nxb6+ Kc7 23. Qxd6+ Kxb6 24. Na4+ Ka7 25. Qc5+ b6 26. Qxc6 Rd8 27.
a3 Rxd1+ 28. Rxd1 Rd8 29. Rxd8 Qxd8 30. g5 hxg5 31. hxg5 Ng8 32. Qc3 g6 33. Qg7
Qe8 34. Qd4 Qc6 35. Qg7 Qe8 36. b3 Ne7 37. Nb2 Nc6 38. Nc4 Qd7 39. Kc1 Qe7 40.
Kb2 e5 41. Qf6 Qxf6 42. gxf6 b5 43. Nd6 Nd8 44. c4 Kb6 45. b4 Kc6 46. c5 Kd7 47.
a4 bxa4 48. Ka3 Nc6 49. Kxa4 Ke6 50. b5 axb5+ 51. Kxb5 Nd4+ 52. Kb6 Kxf6 53. c6
Ne6 54. c7 Nxc7 55. Kxc7 Ke6 56. Kc6 f5 57. Kc5 fxe4 58. fxe4 1-0

[Event "40th Olympiad Open"]
[Site "Istanbul TUR"]
[Date "2012.09.07"]
[Round "10.60"]
[Board "4"]
[White "Hodgson, Norman"]
[Black "Fernandez Lopez, Joan"]
[Result "0-1"]
[WhiteElo "1824"]
[BlackElo "2090"]
[WhiteTeam "Netherlands Antilles"]
[BlackTeam "Andorra"]
[WhiteFideId "7500033"]
[BlackFideId "6900348"]
[EventDate "2012.08.28"]

1. e3 d5 2. g3 Nf6 3. Bg2 e5 4. Ne2 Bg4 5. Nbc3 Nc6 6. O-O Qd7 7. Qe1 Bh3 8. f4
e4 9. a3 O-O-O 10. b4 h5 11. b5 Ne7 12. Nd4 h4 13. f5 Bg4 14. h3 Bxf5 15. Nxf5
Nxf5 16. g4 Ng3 17. Rf2 Nxg4 18. hxg4 h3 19. Bh1 Qxg4 20. Kh2 Bd6 21. Nxd5 Nf1# 0-1

[Event "40th Olympiad Open"]
[Site "Istanbul TUR"]
[Date "2012.09.07"]
[Round "10.61"]
[Board "2"]
[White "Fonseca Cabrera, Ernesto"]
[Black "Li Ying, Patrick"]
[Result "1/2-1/2"]
[BlackTitle "CM"]
[WhiteElo "2211"]
[BlackElo "2120"]
[WhiteTeam "Nicaragua"]
[BlackTeam "Mauritius"]
[WhiteFideId "6101046"]
[BlackFideId "9700056"]
[EventDate "2012.08.28"]

1. e4 d5 2. exd5 Qxd5 3. Nc3 Qa5 4. d4 Nf6 5. Nf3 c6 6. Bc4 Bf5 7. Ne5 e6 8. Bd2
Qd8 9. Bf4 Bb4 10. O-O O-O 11. Bg5 Bxc3 12. bxc3 Nbd7 13. Nxd7 Qxd7 14. Bxf6
gxf6 15. Qf3 Qe7 16. Rac1 Kh8 17. Rfe1 Qd8 18. Re3 Rg8 19. Qh5 Qc7 20. Bd3 Rg5
21. Qh6 Rg6 22. Qh4 Bxd3 23. Rh3 h6 24. cxd3 Rag8 25. Rg3 Qa5 26. Qf4 Qxa2 27.
Rxg6 Rxg6 28. Qb8+ Kg7 29. Qxb7 Qd2 30. Qb1 h5 31. Qc2 Qg5 32. g3 h4 33. Re1 f5
34. Qe2 hxg3 35. hxg3 f4 36. Qe5+ Qxe5 37. dxe5 fxg3 38. Kg2 gxf2+ 39. Kxf2 Rg5
40. d4 f6 41. Kf3 Kg6 42. Kf4 fxe5+ 43. dxe5 Rg2 44. Ra1 Rc2 45. Ra3 a6 46. Ke4
Re2+ 47. Kd4 Kf5 48. Rxa6 Rd2+ 49. Kc5 Kxe5 50. c4 Kf4 51. Kxc6 e5 52. c5 Rc2
53. Ra8 e4 54. Rf8+ Kg3 55. Re8 Kf3 56. Rf8+ Kg2 57. Rg8+ Kf3 58. Kd5 1/2-1/2

[Event "40th Olympiad Open"]
[Site "Istanbul TUR"]
[Date "2012.09.07"]
[Round "10.61"]
[Board "3"]
[White "Seegolam, Pradeep"]
[Black "Madrigal, Mariano"]
[Result "0-1"]
[WhiteElo "2041"]
[BlackElo "2155"]
[WhiteTeam "Mauritius"]
[BlackTeam "Nicaragua"]
[WhiteFideId "9700080"]
[BlackFideId "6100961"]
[EventDate "2012.08.28"]

1. d4 Nf6 2. c4 g6 3. Nc3 d5 4. Nf3 Bg7 5. Qb3 dxc4 6. Qxc4 O-O 7. e4 Nfd7 8.
Be3 Nb6 9. Qb3 Nc6 10. d5 Ne5 11. Nxe5 Bxe5 12. f4 Bg7 13. Be2 e6 14. O-O exd5
15. Bxb6 axb6 16. Qxd5 Qe7 17. e5 Rd8 18. Qf3 Qb4 19. b3 Bd7 20. Qe3 Bc6 21. Kh1
Qd4 22. Qg3 Qc5 23. Rac1 Qe7 24. Bf3 Rd3 25. Qe1 Rad8 26. Bxc6 bxc6 27. Ne4 c5
28. Qe2 f6 29. exf6 Bxf6 30. Nxf6+ Qxf6 31. Rc2 R3d4 32. g3 Qc6+ 33. Qf3 Qxf3+
34. Rxf3 Rd1+ 35. Kg2 R1d2+ 36. Rf2 Rxc2 37. Rxc2 Rd4 38. Kf3 Kf7 39. Ke3 Ke6
40. Re2 Kf6 41. Kf3 c4 42. bxc4 Rxc4 43. g4 b5 44. g5+ Kf7 45. Kg4 c5 46. Kf3
Rc1 47. Ke3 Rd1 48. Rc2 Rd5 49. Rb2 c4 50. Rc2 Ke6 51. Ke4 Kd6 52. h4 Kc5 53. h5
b4 54. hxg6 hxg6 55. Rf2 c3 56. Ke3 Kc4 57. f5 Re5+ 0-1

[Event "40th Olympiad Open"]
[Site "Istanbul TUR"]
[Date "2012.09.07"]
[Round "10.62"]
[Board "1"]
[White "Sanches, Romario"]
[Black "Efimov, Igor"]
[Result "0-1"]
[BlackTitle "GM"]
[WhiteElo "2030"]
[BlackElo "2416"]
[WhiteTeam "Suriname"]
[BlackTeam "Monaco"]
[WhiteFideId "8200211"]
[BlackFideId "806404"]
[EventDate "2012.08.28"]

1. e4 c5 2. Nf3 Nc6 3. d4 cxd4 4. Nxd4 Qb6 5. Nb3 e6 6. Be3 Qc7 7. Nc3 Bb4 8.
Bd2 Nf6 9. Nb5 Qe5 10. f3 O-O 11. c3 Be7 12. Be2 d5 13. O-O a6 14. N5d4 dxe4 15.
fxe4 Nxd4 16. cxd4 Qxe4 17. Bf3 Qg6 18. Qe1 Re8 19. Rc1 Ra7 20. Na5 Qd3 21. Nc4
b5 22. Ne5 Qxd4+ 23. Be3 Qxe5 24. Bxa7 Qxb2 25. Rf2 Qb4 26. Qxb4 Bxb4 27. Rfc2
Bd7 28. Bc6 Ba3 29. Bxd7 Nxd7 30. Rc8 Kf8 31. Rxe8+ Kxe8 32. Rc6 a5 33. Bd4 e5
34. Be3 Bb4 35. Kf1 Nf6 36. Bc5 Kd7 37. Rd6+ Kc7 38. Bxb4 axb4 39. Rd3 Ne4 40.
Ke1 Kc6 41. g4 h6 42. Re3 Kd5 43. Rb3 Nc5 44. Rf3 f6 45. Kd2 Kd4 46. Rf1 b3 47.
axb3 Nxb3+ 48. Kc2 Kc4 49. h4 b4 50. g5 hxg5 51. hxg5 Nd4+ 52. Kb2 fxg5 53. Rf7
e4 54. Rxg7 e3 55. Rxg5 e2 56. Re5 Kd3 57. Re8 Kd2 58. Rd8 Ke3 59. Re8+ Kf2 60.
Rf8+ Nf3 61. Re8 e1=Q 62. Rxe1 Nxe1 63. Kb3 Nd3 64. Kc4 Ke3 65. Kd5 0-1

[Event "40th Olympiad Open"]
[Site "Istanbul TUR"]
[Date "2012.09.07"]
[Round "10.62"]
[Board "2"]
[White "Villegas, Pierre"]
[Black "Gajadin, Dewperkash"]
[Result "1/2-1/2"]
[BlackTitle "FM"]
[WhiteElo "2249"]
[BlackElo "2185"]
[WhiteTeam "Monaco"]
[BlackTeam "Suriname"]
[WhiteFideId "654183"]
[BlackFideId "8200041"]
[EventDate "2012.08.28"]

1. d4 Nf6 2. c4 e6 3. Nc3 d5 4. cxd5 exd5 5. Bg5 Be7 6. e3 O-O 7. Bd3 h6 8. Bh4
b6 9. Nge2 Bb7 10. O-O c5 11. dxc5 bxc5 12. Rc1 Nbd7 13. Bb1 Re8 14. Qc2 Rc8 15.
Rfd1 Nf8 16. Rd2 Qb6 17. Rcd1 Red8 18. Kh1 Ng6 19. Bg3 Qc6 20. f3 Qe6 21. Bf2
Qc6 22. Ng3 Bf8 23. Nf5 Qe8 24. Nh4 Ne5 25. Nxd5 Bxd5 26. Rxd5 Rxd5 27. Rxd5 g5
28. Nf5 Nxd5 29. Ne7+ Kg7 30. Qh7+ Kf6 31. Nxd5+ Ke6 32. Be4 Ng6 33. Nc3 Rd8 34.
Bc2 c4 35. f4 Rd2 36. f5+ Ke7 37. Ba4 Rxf2 38. Kg1 Rxg2+ 39. Kxg2 Qa8+ 40. Kf2
Ne5 41. e4 Ng4+ 42. Ke1 Nf6 43. Qh8 Qb8 44. Bc6 Qxh2 45. Nd5+ Nxd5 46. Bxd5 Qg3+
47. Kd1 Qd3+ 48. Ke1 Qe3+ 49. Kd1 Qd3+ 50. Ke1 Qg3+ 51. Kd1 Qf3+ 52. Kd2 Qd3+ 1/2-1/2

[Event "40th Olympiad Open"]
[Site "Istanbul TUR"]
[Date "2012.09.07"]
[Round "10.62"]
[Board "3"]
[White "Giasi, Viresh"]
[Black "Gentilleau, Jean-Philippe"]
[Result "1/2-1/2"]
[BlackTitle "FM"]
[WhiteElo "1975"]
[BlackElo "2205"]
[WhiteTeam "Suriname"]
[BlackTeam "Monaco"]
[WhiteFideId "8200165"]
[BlackFideId "5400074"]
[EventDate "2012.08.28"]

1. e4 e6 2. d4 d5 3. Nd2 dxe4 4. Nxe4 Bd7 5. Nf3 Bc6 6. Bd3 Nd7 7. Qe2 Be7 8.
Bd2 Ngf6 9. O-O Nxe4 10. Bxe4 Bxe4 11. Qxe4 c6 12. Rfe1 O-O 13. c4 Nf6 14. Qe2
Re8 15. Rad1 a5 16. a3 a4 17. Bc3 Qb8 18. Ne5 Bf8 19. Qf3 Qc7 20. g4 Bd6 21. g5
Bxe5 22. Rxe5 Nd7 23. Re4 Nf8 24. Qh5 b6 25. Rde1 Rad8 26. R1e3 c5 27. Qg4 Qc6
28. h4 cxd4 29. Bxd4 b5 30. cxb5 Qxb5 31. Bc3 Rd5 32. Re1 Ra8 33. Re5 1/2-1/2